| 000 | 00701nam a22002057a 4500 | ||
|---|---|---|---|
| 999 |
_c12322 _d12322 |
||
| 003 | AR-CdUCM | ||
| 008 | 190408b ||||| |||| 00| 0 spa d | ||
| 040 |
_aMUNICIPALIDAD PROVINCIAL DEL CUSCO _cBIBLIOTECA MUNICIPAL DEL CUSCO |
||
| 082 |
_aC / 985.61 / _bP78 |
||
| 100 |
_aPorras Barrenechea, Raul _926276 |
||
| 245 | _aAntología del Cuzco / | ||
| 260 |
_aLima : _bLibreria internacional del Perú, _c1961. |
||
| 300 |
_a458 páginas ; _bfotografías. _c25 cm. |
||
| 505 | _aCuzco incaico -- Cuzco español --El Cuzco republicano... | ||
| 650 |
_aCusco. _9772 |
||
| 650 |
_aHistoria del Cusco. _91714 |
||
| 650 |
_aAntología del cusco. _930130 |
||
| 942 |
_2ddc _cLIBROS |
||
| 945 |
_awfj _d2019-04-08 |
||